[Event "DEN-ch Seniors"]
[Site "Helsingor"]
[Date "2013.03.29"]
[Round "4"]
[White "Michelsen, Sven"]
[Black "Jessen, Ernst J"]
[Result "1/2-1/2"]
[WhiteElo "1799"]
[BlackElo "1773"]
[PlyCount "23"]
[EventDate "2013.03.29"]
[EventType "swiss"]
[EventRounds "5"]
[EventCountry "DEN"]
[SourceTitle "EXT 2014"]
[Source "ChessBase"]
[SourceDate "2013.11.20"]
[SourceVersion "1"]
[SourceVersionDate "2013.11.20"]
[SourceQuality "1"]

1. c4 Nf6 2. Nf3 g6 3. e3 c5 4. d4 cxd4 5. exd4 Bg7 6. Nc3 0-0 7. Be3 b6 8. Be2 Bb7 9. Rc1 d6 10. d5 Nbd7 11. b4 a5 12. a3 1/2-1/2

[Event "DEN-ch Seniors"]
[Site "Helsingor"]
[Date "2013.03.29"]
[Round "5"]
[White "Stuhr, Finn"]
[Black "Michelsen, Sven"]
[Result "1-0"]
[WhiteElo "1701"]
[BlackElo "1799"]
[PlyCount "105"]
[EventDate "2013.03.29"]
[EventType "swiss"]
[EventRounds "5"]
[EventCountry "DEN"]
[SourceTitle "EXT 2014"]
[Source "ChessBase"]
[SourceDate "2013.11.20"]
[SourceVersion "1"]
[SourceVersionDate "2013.11.20"]
[SourceQuality "1"]

1. e4 c5 2. Nf3 d6 3. d4 cxd4 4. Nxd4 Nc6 5. Bb5 Bd7 6. Nxc6 bxc6 7. Bc4 Nf6 8. Nc3 g6 9. Bf4 Qc7 10. Qd2 Bg7 11. 0-0 0-0 12. Rad1 Rfd8 13. Rfe1 e5 14. Bg5 Be6 15. Qd3 Rd7 16. b3 Re8 17. f4 Bxc4 18. Qxc4 Nh5 19. f5 h6 20. Bh4 g5 21. Bf2 Nf4 22. Be3 Kh7 23. g3 Nh5 24. a4 Nf6 25. Rd2 Ng4 26. Bf2 Nxf2 27. Kxf2 Bf6 28. Kg2 Kg7 29. b4 Rc8 30. Red1 Be7 31. Qb3 Rb8 32. b5 a6 33. f6+ Bxf6 34. Rf1 axb5 35. axb5 Qa7 36. Rdf2 Bd8 37. Qc4 d5 38. exd5 cxb5 39. Nxb5 Qb7 40. Nd6 Rxd6 41. Rxf7+ Qxf7 42. Rxf7+ Kxf7 43. Qe4 Bf6 44. c4 Rb2+ 45. Kh3 Rd2 46. Qh7+ Bg7 47. Qf5+ Ke8 48. Qc8+ Ke7 49. Qb7+ Rd7 50. Qb4+ Kf6 51. Qxd2 Bf8 52. Qf2+ Kg7 53. Qf5 1-0